[Event "16th Lienz-Open 2011"]
[Site "Lienz AUT"]
[Date "2011.02.19"]
[Round "9"]
[White "Gaponenko,I"]
[Black "Mazet,J"]
[Result "1-0"]
[WhiteElo "2466"]
[BlackElo "2151"]

1.e4 c5 2.Nf3 d6 3.d4 cxd4 4.Nxd4 Nf6 5.Nc3 a6 6.Be3 e5 7.Nb3 Be6 8.Qd2 Be7
9.O-O-O Nbd7 10.f4 exf4 11.Bxf4 Ne5 12.Nd4 Qc7 13.g3 O-O 14.Nxe6 fxe6 15.Bh3 Kf7
16.Rhf1 Rac8 17.Ne2 Rce8 18.Qb4 Qc4 19.Qxc4 Nxc4 20.b3 Ne5 21.Nd4 Bd8 22.Bxe5 dxe5
23.Nf3 Bc7 24.Ng5+ Kg8 25.Bxe6+ Kh8 26.Bd5 h6 27.Ne6 Rf7 28.Nc5 Rfe7 29.Nxb7 Bb6
30.Nd6 Rb8 31.Kb2 Bc5 32.Nc4 Kh7 33.Rf5 Rbe8 34.c3 Kg6 35.Bc6 Rc8 36.Rxe5  1-0

[Event "Frauenbundesliga 1st Div 2010-11"]
[Site "Germany GER"]
[Date "2011.02.20"]
[Round "9.3"]
[White "Nemcova,Kat"]
[Black "Beltz,F"]
[Result "1-0"]
[WhiteElo "2287"]
[BlackElo "2137"]

1.e4 c5 2.Nf3 d6 3.d4 cxd4 4.Nxd4 Nf6 5.Nc3 a6 6.Be3 e6 7.Be2 Nbd7 8.g4 h6
9.f4 Nc5 10.Bf3 Qa5 11.Qd2 e5 12.Nf5 g6 13.Nxd6+ Bxd6 14.Qxd6 Ncxe4 15.Qxe5+ Qxe5
16.fxe5 Nxc3 17.exf6 Nb5 18.O-O-O Nc7 19.Rhe1 Ne6 20.Bc5 a5 21.Be7 a4 22.Rd6 Bd7
23.Red1 Bb5 24.Bxb7 Rb8 25.Rb6 Bd7 26.Bc6  1-0

[Event "Rector Cup 2011"]
[Site "Kharkov UKR"]
[Date "2011.02.20"]
[Round "7"]
[White "Firman,N"]
[Black "Yilmaz,M"]
[Result "1/2-1/2"]
[WhiteElo "2551"]
[BlackElo "2477"]

1.e4 c5 2.Nf3 d6 3.d4 cxd4 4.Nxd4 Nf6 5.Nc3 a6 6.Be3 e5 7.Nb3 Be7 8.Be2 Be6
9.g4 d5 10.exd5 Nxd5 11.Nxd5 Bxd5 12.O-O O-O 13.Nc5 Bc6 14.Qxd8 Rxd8 15.Rfd1 Re8
16.c4 a5 17.Rac1 b6 18.Nd3 Nd7 19.a3 Bf8 20.Rb1 Nc5 21.b4 axb4 22.axb4 Nxd3
23.Bxd3 Bf3 24.Rdc1 Reb8 25.h3 h5 26.g5 Ra3 27.Bf1 Be4 28.Rb2 Ra4 29.b5 Ra7
30.Rd1 Rc7 31.Ra2 Bf3 32.Rda1 f5 33.gxf6 gxf6 34.Ra7 Rbb7 35.Ra8 Rg7+ 36.Kh2 Rg6
37.c5 Rbg7 38.h4 Rg4 39.Bh3 Rxh4 40.Rxf8+ Kh7 41.Bg5 Rxg5 42.Ra7+ Rg7 43.cxb6 Bb7
44.f3 Rd4 45.Ra2 Bxf3 46.Rxf6 Bd5 47.Rc2 Be4 48.Re2 Bb7 49.Rc6 Rf4 50.Bg2 Rh4+
51.Kg1 Rb4 52.Rc7 Rg4 53.Kh2 Bxg2 54.Rxg7+ Rxg7 55.Rxg2 Rb7 56.Rg5 Rxb6 57.Rxe5 h4
58.Kh3 Kg7 59.Kxh4 Kf6 60.Rh5 Ke7 61.Kg4 Kd7 62.Kf4 Kc7 63.Ke4 Rd6 64.Rd5 Rxd5
65.Kxd5 Kb6 66.Kc4 Kb7  1/2-1/2

[Event "6th Volodymyr Bilinsky Memorial"]
[Site "Lviv UKR"]
[Date "2011.02.20"]
[Round "8.6"]
[White "Kovalsky,Vadim"]
[Black "Buksa,N"]
[Result "0-1"]
[WhiteElo "1994"]
[BlackElo "1975"]

1.e4 c5 2.Nf3 d6 3.d4 cxd4 4.Nxd4 Nf6 5.Nc3 a6 6.Be3 b5 7.Bd3 Bb7 8.f3 e6
9.Qd2 Be7 10.O-O-O Qc7 11.g4 Nc6 12.g5 Nd7 13.h4 b4 14.Nce2 Qa5 15.Kb1 Nc5
16.f4 Nxd4 17.Bxd4 Nxe4 18.Qe3 Nc5 19.Rhe1 Nxd3 20.Rxd3 b3 21.Nc3 bxa2+ 22.Ka1 O-O
23.h5 Qf5 24.Kxa2 Rfe8 25.Qg3 Rac8 26.g6 fxg6 27.hxg6 hxg6 28.Qh2 Rc4 29.b3 Rcc8
30.Kb2 Kf7 31.Rde3 Bf6 32.Qd2 Qxf4 33.Ne2 Qg5 34.Kb1 e5 35.Bb2 d5 36.Rg1 Qh6
37.Bc1 Re7 38.Qb4 Qh2 39.Qe1 d4 40.Reg3 Be4  0-1

[Event "US Amateur Team-ch East"]
[Site "Parsippany USA"]
[Date "2011.02.21"]
[Round "5"]
[White "Ostrovskiy,Al"]
[Black "Samuelson,A"]
[Result "1-0"]
[WhiteElo "2294"]
[BlackElo "2165"]

1.e4 c5 2.Nf3 d6 3.d4 cxd4 4.Nxd4 Nf6 5.Nc3 a6 6.Be3 e5 7.Nde2 Be7 8.Ng3 Be6
9.Be2 O-O 10.O-O Re8 11.Qd2 Nc6 12.Nd5 Rc8 13.c4 h6 14.Rfd1 Bf8 15.Bb6 Qd7
16.Nxf6+ gxf6 17.Nh5 Qe7 18.g4 Kh7 19.Rac1 Nb8 20.Kh1 Rc6 21.Be3 Rec8 22.b3 b5
23.cxb5 Rxc1 24.Rxc1 Rxc1+ 25.Qxc1 axb5 26.Qd1 b4 27.Qd2 Nc6 28.Qc2 Nd8 29.Bd2 Qb7
30.Nxf6+ Kh8 31.Bf3 Bg7 32.Nd5 Nc6 33.Be3 Nd4 34.Bxd4 exd4 35.Nf4 Qb5 36.Kg2 Bd7
37.Nd3 Qg5 38.h3 h5 39.Qd1 hxg4 40.hxg4 Qa5 41.Qd2 Be6 42.Bd1 Bc8 43.a4 Bb7
44.f3 d5 45.exd5 Qxd5 46.Qxb4 Ba6 47.Qb8+ Kh7 48.Nb4 Be5 49.Qe8 Qa5 50.Qxf7+ Kh8
51.Qh5+ Kg7 52.Qg5+ Kf8 53.Nxa6 Qe1 54.Qf5+ Kg7 55.Qc2 Qh4 56.Qf2 Qh2+ 57.Kf1 Qh1+
58.Qg1 Qh7 59.Qg2 Qb1 60.Qc2  1-0

[Event "2nd Jerry Hanken Memorial"]
[Site "Stillwater USA"]
[Date "2011.02.21"]
[Round "7.8"]
[White "Fernandez,Jai"]
[Black "Wawrzaszek,J"]
[Result "1-0"]
[WhiteElo "1992"]
[BlackElo "2016"]

1.e4 c5 2.Nf3 d6 3.d4 cxd4 4.Nxd4 Nf6 5.Nc3 a6 6.Be3 e6 7.f3 b5 8.Qd2 Nbd7
9.g4 h6 10.h4 Bb7 11.O-O-O b4 12.Nce2 Qa5 13.Kb1 Nc5 14.Nb3 Nxb3 15.cxb3 Nxe4
16.Qd3 Qb5 17.Qxb5+ axb5 18.Nd4 f6 19.Bxb5+ Kf7 20.Bc6 Nc5 21.Bxb7 Nxb7 22.Rc1 Be7
23.Rc7 Na5 24.Rhc1 Rhd8 25.Bd2 Rab8 26.Ra7  1-0

[Event "31st TCh-IND 2011"]
[Site "Kochi IND"]
[Date "2011.02.23"]
[Round "3"]
[White "Navin,K"]
[Black "Surendran,N"]
[Result "1-0"]
[WhiteElo "2383"]
[BlackElo "2063"]

1.e4 c5 2.Nf3 d6 3.d4 cxd4 4.Nxd4 Nf6 5.Nc3 a6 6.Be3 e5 7.Nb3 Be7 8.h3 Be6
9.Qf3 Nbd7 10.g4 h6 11.O-O-O Qc7 12.Kb1 b5 13.Qg2 Nb6 14.Bxb6 Qxb6 15.f4 Rc8
16.f5 Bc4 17.Nd2 Qb7 18.Bxc4 bxc4 19.Ka1 Bd8 20.Qe2 Qc6 21.Nd5 Qa4 22.Nb1 Rb8
23.Nbc3 Qc6 24.Nxf6+ Bxf6 25.Qd2 Qb7 26.Rb1 Qc6 27.h4 Bd8 28.Qd5 Qxd5 29.Nxd5 Bb6
30.b3 Kd7 31.bxc4 Bc5 32.Rxb8 Rxb8 33.Rb1 Bd4+ 34.c3 Rxb1+ 35.Kxb1 Bf2 36.h5 f6
37.Kc2 Bc5 38.Kb3 Kc6 39.Ka4 Kb7 40.Ne7 Kb6 41.Ng6 Ka7 42.Nf8 d5 43.Ne6 dxe4
44.Nxc5 e3 45.Nd3 e4 46.Nc1  1-0

[Event "4th Karkonosze Open A"]
[Site "Karpacz POL"]
[Date "2011.02.24"]
[Round "6"]
[White "Khamidov,K"]
[Black "Goluch,P"]
[Result "1-0"]
[WhiteElo "1980"]
[BlackElo "2139"]

1.e4 c5 2.Nf3 d6 3.d4 cxd4 4.Nxd4 Nf6 5.Nc3 a6 6.Be3 e5 7.Nb3 Be6 8.f3 Be7
9.Qd2 O-O 10.O-O-O a5 11.a4 Na6 12.g4 Nb4 13.h4 Rc8 14.Kb1 d5 15.g5 Nh5 16.exd5 Bf5
17.Na1 Bc5 18.Bh3 Bxe3 19.Qxe3 Bxh3 20.Rxh3 Nf4 21.Rhh1 Qe8 22.d6 Qe6 23.d7 Rxc3
24.bxc3 Qa2+ 25.Kc1 Nbd5 26.Qc5 Ne6 27.Qxd5 Qxa1+ 28.Kd2 Qxa4 29.Ke1 Rd8
30.Qxe5 Qxc2 31.Rh2 Qa4 32.f4 Qxf4 33.Qxf4 Nxf4 34.Rb2 Kf8 35.Rxb7 Ne6 36.Ra7 Ke7
37.Rxa5 Rxd7 38.Rxd7+ Kxd7 39.Ra7+ Ke8 40.Kf2 Nf4 41.Kf3 Ng6 42.h5 Ne5+ 43.Ke4 Nc4
44.Kd5 Ne3+ 45.Kc6 h6 46.g6 fxg6 47.hxg6 Nf5 48.Kd5 Ne7+ 49.Ke6  1-0

[Event "4th Karkonosze Open A"]
[Site "Karpacz POL"]
[Date "2011.02.25"]
[Round "7"]
[White "Mickiewicz,P"]
[Black "Aliavdin,N"]
[Result "0-1"]
[WhiteElo "2344"]
[BlackElo "2377"]

1.e4 c5 2.Nf3 d6 3.d4 cxd4 4.Nxd4 Nf6 5.Nc3 a6 6.Be3 Ng4 7.Bc1 Nf6 8.Be3 Ng4
9.Bg5 h6 10.Bh4 g5 11.Bg3 Bg7 12.Be2 h5 13.Bxg4 hxg4 14.Qd2 Nc6 15.Nf5 Bxf5
16.exf5 Nd4 17.f6 Bxf6 18.Nd5 Be5 19.O-O-O Rc8 20.Kb1 e6 21.Rhe1 Nc6 22.Ne3 Bxg3
23.hxg3 Ne5 24.Qb4 Rc6 25.Qxb7 O-O 26.Nxg4 Rb6 27.Nf6+ Kg7 28.Nh5+ Kg6 29.Qe4+ f5
30.Qe2 Rxb2+ 31.Kxb2 Qa5 32.a3 Rc8 33.f4 Nc4+ 34.Qxc4 Rxc4 35.g4 Qc3+ 36.Ka2 Qxc2+
37.Ka1 Re4 38.Rh1 Qc3+  0-1

[Event "9th TCh-IND w 2011"]
[Site "Kochi IND"]
[Date "2011.02.27"]
[Round "6"]
[White "Meghna,C"]
[Black "Soumya,Sw"]
[Result "0-1"]
[WhiteElo "1754"]
[BlackElo "2353"]

1.e4 c5 2.Nf3 d6 3.d4 cxd4 4.Nxd4 Nf6 5.Nc3 a6 6.Be3 e6 7.f3 b5 8.Qd2 Nbd7
9.g4 h6 10.O-O-O b4 11.Nce2 Qc7 12.Kb1 d5 13.exd5 Nxd5 14.Nb3 Bb7 15.Nf4 Ne5
16.Nxd5 Bxd5 17.Bf4 Bd6 18.Bxe5 Bxe5 19.Be2 O-O 20.h4 a5 21.g5 h5 22.g6 fxg6
23.Rhg1 Rf6 24.Qd3 Qf7 25.Rg5 Bf4 26.Rg2 a4 27.Nc5 a3 28.b3 Rc8 29.Na4 Bc6
30.Nc5 Qc7 31.Rxg6 Qe5 32.Qd4 Qxd4 33.Rxd4 Rxg6 34.Rd1 Be3 35.Nd3 Bb5 36.Ne5 Rg1
37.Rxg1 Bxg1 38.Bxb5 Rc5 39.Nd3 Rxb5 40.Kc1 Bd4 41.Kd2 Bc3+ 42.Ke3 g5 43.hxg5 Rxg5
44.Nf4 Kf7 45.Kf2 h4 46.Nh3 Rg3 47.Nf4 e5 48.Ne2 Bd4+ 49.Nxd4 exd4 50.Kf1  0-1

[Event "Lviv Talents FIDE open"]
[Site "Lviv UKR"]
[Date "2011.02.27"]
[Round "5.3"]
[White "Kovalsky,Vadim"]
[Black "Buksa,N"]
[Result "1/2-1/2"]
[WhiteElo "1994"]
[BlackElo "1975"]

1.e4 c5 2.Nf3 d6 3.d4 cxd4 4.Nxd4 Nf6 5.Nc3 a6 6.Be3 b5 7.Nd5 Bb7 8.Nxf6+ gxf6
9.Bd3 Nc6 10.Nxc6 Bxc6 11.Qd2 Qc8 12.O-O-O Qe6 13.Kb1 Bxe4 14.Rhe1 Bxd3 15.Qxd3 Qc4
16.Qf5 Bg7 17.Bh6 Bxh6 18.Qxf6 O-O-O 19.Qxh6 Qc7 20.Rd3 Kb8 21.Qe3 e6 22.Red1 d5
23.f4 Rhg8 24.g3 Rge8 25.Qd4 Qe7 26.Ra3 Kb7 27.Re3 f6 28.Rde1 Qf7 29.a4 Rd6
30.Rb3 Rb6 31.Qb4 Rc8 32.axb5 axb5 33.Ra3 Ra8 34.Ree3 Qf8 35.Qe1 Qd6 36.Rxa8 Kxa8
37.Qa5+ Kb7 38.Ra3 Qb8 39.Rb3 Qe8 40.Ra3 Qb8 41.Rb3  1/2-1/2

[Event "27th Open"]
[Site "Cappelle la Grande FRA"]
[Date "2011.03.01"]
[Round "5.54"]
[White "Nemcova,Kat"]
[Black "Brunner,N"]
[Result "0-1"]
[WhiteElo "2289"]
[BlackElo "2478"]

1.e4 c5 2.Nf3 d6 3.d4 cxd4 4.Nxd4 Nf6 5.Nc3 a6 6.Be3 e5 7.Nb3 Be7 8.Qd2 O-O
9.f3 Be6 10.O-O-O Nbd7 11.g4 b5 12.g5 b4 13.Ne2 Ne8 14.Kb1 a5 15.Ng3 a4 16.Nc1 Ra5
17.Nd3 b3 18.Nb4 Qa8 19.Be2 Nc7 20.cxb3 axb3 21.a3 d5 22.Nc6 Qxc6 23.Qxa5 Ra8
24.Qd2 d4 25.Rc1 Qb6 26.Bf2 Bxa3 27.bxa3 Rxa3 28.Bc4 Ra2 29.Qxa2 bxa2+ 30.Ka1 Nc5
31.Nf5 Na4  0-1

[Event "27th Open"]
[Site "Cappelle la Grande FRA"]
[Date "2011.03.01"]
[Round "5.59"]
[White "Jablonski,N"]
[Black "Naroditsky,D"]
[Result "1/2-1/2"]
[WhiteElo "2266"]
[BlackElo "2419"]

1.e4 c5 2.Nf3 d6 3.d4 cxd4 4.Nxd4 Nf6 5.Nc3 a6 6.Be3 e5 7.Nb3 Be6 8.f3 Be7
9.Qd2 O-O 10.O-O-O a5 11.Bb5 Na6 12.Qf2 Nc7 13.Kb1 Nxb5 14.Nxb5 Qd7 15.Nc3 a4
16.Nc5 Qc6 17.Nxe6 fxe6 18.Qd2 a3 19.b3 Rac8 20.Ne2 Rfd8 21.c4 d5 22.cxd5 exd5
23.Rc1 Qe6 24.Rxc8 Rxc8 25.Ng3 Rd8 26.Qc2 d4 27.Bd2 Rc8 28.Qd3 g6 29.Rc1 Rxc1+
30.Bxc1 Nd7 31.Qb5 Qc6 32.Qxc6 bxc6 33.Kc2 Bb4 34.Kd3 Kf7 35.Nf1 Nc5+ 36.Kc4 Na6
37.Nd2 Be7  1/2-1/2

[Event "27th Open"]
[Site "Cappelle la Grande FRA"]
[Date "2011.03.02"]
[Round "6.67"]
[White "Grochal,J"]
[Black "Karavade,E"]
[Result "0-1"]
[WhiteElo "2105"]
[BlackElo "2353"]

1.e4 c5 2.Nf3 d6 3.d4 cxd4 4.Nxd4 Nf6 5.Nc3 a6 6.Be3 e5 7.Nb3 Be6 8.f3 h5
9.Qd2 Nbd7 10.O-O-O Rc8 11.Kb1 Be7 12.Nd5 Bxd5 13.exd5 Nb6 14.Bxb6 Qxb6 15.c4 O-O
16.Bd3 Bd8 17.Qe2 a5 18.g4 e4 19.Bxe4 Nxe4 20.fxe4 Bf6 21.g5 Be5 22.Qd3 a4
23.Nd4 Qc5 24.Nf5 Qb4 25.Rd2 Rxc4 26.a3 Qc5 27.Rc2 Rxc2 28.Qxc2 Qxc2+ 29.Kxc2 g6
30.Nh4 Rc8+ 31.Kb1 Rc4 32.Re1 Bxh2 33.Nf3 Bg3 34.Re2 h4 35.Nd2 Rc8 36.b3 axb3
37.Kb2 h3 38.Nf1 Be5+ 39.Kxb3 Rc3+ 40.Kb4 Rf3 41.Nh2 Rg3 42.Kb5 Rg2 43.Rxg2 hxg2
44.Nf3 Bd4  0-1

[Event "27th Open"]
[Site "Cappelle la Grande FRA"]
[Date "2011.03.03"]
[Round "7.38"]
[White "Videnova,I"]
[Black "Brunner,N"]
[Result "0-1"]
[WhiteElo "2284"]
[BlackElo "2478"]

1.e4 c5 2.Nf3 d6 3.d4 cxd4 4.Nxd4 Nf6 5.Nc3 a6 6.Be3 e5 7.Nb3 Be7 8.Qd2 O-O
9.O-O-O Be6 10.f4 b5 11.f5 Bc4 12.Kb1 Nbd7 13.Bd3 Qc7 14.h3 Bxd3 15.Qxd3 b4
16.Nd5 Nxd5 17.exd5 a5 18.g4 a4 19.Nd2 Rfc8 20.Ne4 Nf6 21.Rh2 Nxe4 22.Qxe4 b3
23.cxb3 axb3 24.a3 Qd7 25.Rhh1 Qb5 26.Qd3 Rc4 27.g5 Bd8 28.h4 e4 29.Qf1 Qa4
30.f6 Rc2 31.Bc1 Bb6 32.Qf4 Qc4 33.Rd2 Rc8 34.Qf1 Qc5 35.Rd1 Rxb2+ 36.Bxb2 Qc2+
37.Ka1 Ra8 38.Rh2 Qxh2 39.Qc4 e3 40.Re1 Qd2 41.Rc1 Rxa3+ 42.Kb1 Ra1+  0-1

[Event "1st Dimitar Nikolov Mem"]
[Site "Sofia BUL"]
[Date "2011.03.04"]
[Round "2"]
[White "Ganev,N"]
[Black "Ruschukov,Boyan"]
[Result "0-1"]
[WhiteElo "1513"]
[BlackElo "1962"]

1.e4 c5 2.Nf3 d6 3.d4 cxd4 4.Nxd4 Nf6 5.Nc3 a6 6.Be3 e6 7.Be2 Be7 8.O-O Qc7
9.Nb3 b5 10.a3 Bb7 11.Qd3 Nbd7 12.f4 O-O 13.Bf3 Rfd8 14.g4 Nb6 15.Na5 d5
16.e5 Nfd7 17.b4 Rac8 18.Bd4 Nc4 19.Nxc4 Qxc4 20.Rf2 Qxd3 21.cxd3 f6 22.exf6 Bxf6
23.Ne2 e5 24.Bc3 Rxc3 25.Nxc3 e4 26.dxe4 dxe4 27.Bg2 Bxc3 28.Rd1 e3 29.Rc2 Bxg2
30.Rxc3 Bf3 31.Rd4 Bxg4 32.Rxe3 Rc8 33.Kf2 Nf6 34.Rd6 Bf5 35.Kg1 Rc1+  0-1

[Event "TCh-CZE 2010-11"]
[Site "Czech Rep CZE"]
[Date "2011.03.05"]
[Round "8.7"]
[White "Chytilek,R"]
[Black "Mozny,M"]
[Result "1-0"]
[WhiteElo "2366"]
[BlackElo "2379"]

1.e4 c5 2.Nf3 d6 3.d4 cxd4 4.Nxd4 Nf6 5.Nc3 a6 6.Be3 e6 7.f3 Be7 8.Qd2 Nc6
9.O-O-O Nxd4 10.Qxd4 e5 11.Qd2 Be6 12.Nd5 Nxd5 13.exd5 Bf5 14.Kb1 Rc8 15.Rc1 h6
16.g4 Bg6 17.h4 O-O 18.g5 h5 19.Bd3 Qd7 20.f4 Bxd3 21.Qxd3 f5 22.g6 Rf6 23.Rhg1 Qe8
24.fxe5 dxe5 25.Bg5 e4 26.Qb3 Rd6 27.Bf4 Qb5 28.Bxd6 Bxd6 29.Qh3 Be5 30.c3 Rf8
31.Rg5 Qd7 32.Rf1  1-0

[Event "Noteboom Memorial GpA"]
[Site "Leiden NED"]
[Date "2011.03.05"]
[Round "3"]
[White "Fedorchuk,S"]
[Black "Von Meijenfeldt,Bart"]
[Result "1-0"]
[WhiteElo "2662"]
[BlackElo "2154"]

1.e4 c5 2.Nf3 d6 3.d4 cxd4 4.Nxd4 Nf6 5.Nc3 a6 6.Be3 e5 7.Nb3 Be6 8.h3 Be7
9.f4 exf4 10.Bxf4 Nc6 11.Qe2 d5 12.e5 Nd7 13.O-O-O Bg5 14.g3 Ndxe5 15.Kb1 Bf6
16.Bg2 O-O 17.Bxd5 Qe7 18.Bxc6 Bc4 19.Qe4 bxc6 20.Bxe5 Bd5 21.Bxf6  1-0

[Event "TCh-CZE 2010-11"]
[Site "Czech Rep CZE"]
[Date "2011.03.06"]
[Round "9.2"]
[White "Votava,J"]
[Black "Jakubowski,K"]
[Result "0-1"]
[WhiteElo "2569"]
[BlackElo "2502"]

1.e4 c5 2.Nf3 d6 3.d4 cxd4 4.Nxd4 Nf6 5.Nc3 a6 6.Be3 e5 7.Nf3 Be7 8.Bc4 O-O
9.O-O Be6 10.Bb3 Nc6 11.Bg5 Na5 12.Bxf6 Bxf6 13.Nd5 Nxb3 14.axb3 Rc8 15.c3 Bg5
16.Nxg5 Qxg5 17.Qd3 Kh8 18.Rad1 f5 19.b4 Rf7 20.exf5 Bxf5 21.Qg3 Qh6 22.Ne3 Bd7
23.Rd2 Rf6 24.Rfd1 Rg6 25.Qf3 Bc6 26.Qf5 Rg8 27.Ng4 Qf4 28.Qxf4 exf4 29.f3 h5
30.Nf2 Bxf3 31.Rxd6 Rxg2+ 32.Kf1 Rg5 33.R1d4 Bg2+ 34.Ke2 Re8+ 35.Kd2 Rf5
36.Rg6 Bc6 37.h4 f3 38.Kc1 Re2 39.Rd2 Ba4  0-1

[Event "TCh-CZE 2010-11"]
[Site "Czech Rep CZE"]
[Date "2011.03.06"]
[Round "9.8"]
[White "Novotny,M1"]
[Black "Kriebel,T"]
[Result "1-0"]
[WhiteElo "2255"]
[BlackElo "2321"]

1.e4 c5 2.Nf3 d6 3.d4 cxd4 4.Nxd4 Nf6 5.Nc3 a6 6.Be3 e5 7.Nf3 Be7 8.Bc4 Be6
9.Qe2 O-O 10.O-O b5 11.Bb3 Qc7 12.Bg5 Nbd7 13.Rfd1 Rac8 14.Bxf6 Nxf6 15.Ne1 Bc4
16.Qe3 Qb7 17.Bxc4 Rxc4 18.b3 Rc5 19.Qf3 b4 20.Nd5 Nxd5 21.Rxd5 Rxd5 22.exd5 f5
23.Rd1 e4 24.Qh3 Qb5 25.c4 bxc3 26.Qxc3 Bf6 27.Qd2 Rc8 28.Nc2 Bc3 29.Qe3 Bb2
30.Qd2 Qc5 31.Ne1 Be5 32.g3 Qc3 33.Qe2 a5 34.Kf1 Qc5 35.Ng2 g6 36.Ne3 a4
37.Nc4 Bf6 38.Qe3 Qb5  1-0

[Event "TCh-CZE 2010-11"]
[Site "Czech Rep CZE"]
[Date "2011.03.06"]
[Round "9.2"]
[White "Petr,Ma"]
[Black "Dydyshko,V"]
[Result "1/2-1/2"]
[WhiteElo "2462"]
[BlackElo "2547"]

1.e4 c5 2.Nf3 d6 3.d4 cxd4 4.Nxd4 Nf6 5.Nc3 a6 6.Be3 e5 7.Nb3 Be7 8.f3 Be6
9.Qd2 h5 10.Nd5 Nxd5 11.exd5 Bf5 12.Bd3 Bxd3 13.Qxd3 Nd7 14.O-O-O Bg5 15.Kb1  1/2-1/2

[Event "Elitzur Winter IM"]
[Site "Petach Tikva ISR"]
[Date "2011.03.07"]
[Round "6"]
[White "Sheshkin,M"]
[Black "Nedobora,M"]
[Result "1-0"]
[WhiteElo "2255"]
[BlackElo "2388"]

1.e4 c5 2.Nf3 d6 3.d4 cxd4 4.Nxd4 Nf6 5.Nc3 a6 6.Be3 e6 7.f3 b5 8.g4 Nfd7
9.Qd2 Bb7 10.O-O-O Nb6 11.Nb3 Nc6 12.Qf2 Nd7 13.f4 Rc8 14.Bg2 Na5 15.Bd4 Nc4
16.Rhf1 Qc7 17.Rde1 Be7 18.Nd5 exd5 19.exd5 Kf8 20.Rxe7 Kxe7 21.Bxg7 Rhg8
22.Re1+ Nce5 23.fxe5 dxe5 24.Nd4 Ke8 25.d6 Qxd6 26.Bxb7 Rc7 27.Nf5 Qe6 28.Qa7 f6
29.Qxa6 Nc5 30.Qxe6+ Nxe6 31.Bd5 Kf7 32.g5 Rd8 33.Bb3  1-0

[Event "ch-PriFO A"]
[Site "Tolyatti RUS"]
[Date "2011.03.11"]
[Round "2.1"]
[White "Shukh,N"]
[Black "Kokarev,Dm"]
[Result "1/2-1/2"]
[WhiteElo "2418"]
[BlackElo "2576"]

1.e4 c5 2.Nf3 d6 3.d4 cxd4 4.Nxd4 Nf6 5.Nc3 a6 6.Be3 e5 7.Nf3 Qc7 8.a4 Be7
9.a5 O-O 10.Be2 Nc6 11.Bb6 Qb8 12.Nd2 Be6 13.Nc4 Nb4 14.Ne3 Bd8 15.Bxd8 Qxd8
16.Ncd5 Nbxd5 17.exd5 Bd7 18.O-O Qc7 19.c4 b6 20.Qd2 Rfb8 21.Rfb1 bxa5 22.Rxa5 Ne4
23.Qe1 f5 24.Bd3 f4 25.Bxe4 fxe3 26.f3 Qxc4 27.Qxe3 Rb3 28.Qf2 h6 29.Ra3 Rab8
30.Rxb3 Qxb3 31.h3 a5 32.Kh2 Qb6 33.Qh4 Qd8 34.Qxd8+ Rxd8 35.b4 axb4 36.Rxb4 Kf7
37.Rb7 Kf6 38.h4 Be8 39.Rb6 Rd7 40.Kg3 Bf7  1/2-1/2

[Event "ch-Southern FR Men"]
[Site "Armavir RUS"]
[Date "2011.03.14"]
[Round "3"]
[White "Gulinsky,V"]
[Black "Lupik,M"]
[Result "0-1"]
[WhiteElo "2030"]
[BlackElo "2206"]

1.e4 c5 2.Nf3 d6 3.d4 cxd4 4.Nxd4 Nf6 5.Nc3 a6 6.Be3 Ng4 7.Bg5 h6 8.Bh4 g5
9.Bg3 Bg7 10.Be2 h5 11.h3 h4 12.hxg4 hxg3 13.Rxh8+ Bxh8 14.fxg3 Be5 15.Qd3 Nc6
16.Nxc6 bxc6 17.O-O-O Rb8 18.b3 Qa5 19.Na4 Qb4 20.Qe3 Qa3+ 21.Kd2 Rb4 22.Bc4 Rxc4
23.bxc4 Qxa4 24.Qxg5 Qb4+ 25.Ke2 Qxc4+ 26.Kf2 Qxc2+ 27.Rd2 Qc5+ 28.Kf3 Qc3+
29.Ke2 Be6  0-1

[Event "e2e4 Uxbridge Open"]
[Site "Denham ENG"]
[Date "2011.03.18"]
[Round "1"]
[White "Amato,G"]
[Black "Bonafont,P"]
[Result "1/2-1/2"]
[WhiteElo "1987"]
[BlackElo "2170"]

1.e4 c5 2.Nf3 d6 3.d4 cxd4 4.Nxd4 Nf6 5.Nc3 a6 6.Be3 e5 7.Nb3 Be6 8.f3 Nbd7
9.Qd2 b5 10.a4 b4 11.Nd5 Bxd5 12.exd5 Nb6 13.Bxb6 Qxb6 14.a5 Qb7 15.Bc4 g6
16.Ra4 Rb8 17.O-O h5 18.Nc1 Bh6 19.Qd3 O-O 20.Na2 Qa7+ 21.Kh1 Qc5 22.Bb3 e4
23.fxe4 Ng4 24.Qe2 Be3 25.h3 Nf2+ 26.Rxf2 Bxf2 27.Nc1 Qe3 28.Qxe3 Bxe3 29.Nd3 Bd2
30.e5 dxe5 31.Nxe5 Rfe8 32.Nd3 Rbd8 33.Ra1 Re2 34.Rd1 Rd6 35.Bc4 Kf8 36.b3 Bc3
37.Nxb4 Re1+ 38.Rxe1 Bxe1 39.Nxa6 Bxa5 40.Nc5 Bb4 41.Ne4 Rd8 42.c3 Be7 43.Kg1 f5
44.Ng3 Ra8 45.Kf2 Ra2+ 46.Kf3 Rc2 47.Ne2 Bf6 48.Bd3 Rd2 49.Bc4 Rc2  1/2-1/2

[Event "ch-Moscow S/F 2011"]
[Site "Moscow RUS"]
[Date "2011.03.19"]
[Round "4"]
[White "Stukopin,A"]
[Black "Tarasov,O"]
[Result "1-0"]
[WhiteElo "2475"]
[BlackElo "2305"]

1.e4 c5 2.Nf3 d6 3.d4 cxd4 4.Nxd4 Nf6 5.Nc3 a6 6.Be3 e5 7.Nb3 Be6 8.Qd2 Nbd7
9.O-O-O Rc8 10.f4 Be7 11.f5 Bc4 12.g4 d5 13.Nxd5 Bxd5 14.exd5 Nxg4 15.Rg1 Nxe3
16.Qxe3 O-O 17.d6 Bf6 18.Kb1 Re8 19.Qe4 b5 20.Qb7 e4 21.Qxa6 Re5 22.Bxb5 Rxf5
23.Rge1 Rf2 24.Re2 Rxe2 25.Bxe2 Ne5 26.Qa4 e3 27.c4 Qb6 28.c5 Qb7 29.Qf4 Qg2
30.Qxe3 Nc4 31.d7 Rf8 32.Qf3 Qxh2 33.d8=Q Na3+ 34.bxa3 Bxd8 35.Qe4 g6 36.Rf1 Qg3
37.Bc4 Bg5 38.Bxf7+ Rxf7 39.Qe8+ Kg7 40.Qxf7+ Kh6 41.Qf8+ Kh5 42.Qf3+ Qxf3
43.Rxf3 Kg4 44.Nd4 Be7 45.c6 Bd6 46.Kc2 h5 47.Kd3 h4 48.Rf6  1-0

[Event "ch-Moscow S/F 2011"]
[Site "Moscow RUS"]
[Date "2011.03.19"]
[Round "4"]
[White "Eliseev,U"]
[Black "Vorobiov,E"]
[Result "1/2-1/2"]
[WhiteElo "2359"]
[BlackElo "2558"]

1.e4 c5 2.Nf3 d6 3.d4 cxd4 4.Nxd4 Nf6 5.Nc3 a6 6.Be3 e6 7.f3 b5 8.g4 h6 9.Qd2 b4
10.Na4 Nbd7 11.Bc4 Ne5 12.Bb3 Bd7 13.Qxb4 d5 14.Qb7 Rb8 15.Qxa6 Ra8 16.Qb7 Rb8
17.Qa6 Ra8 18.Qb7 Rb8  1/2-1/2

[Event "Zonal 2.3 Caribbean 2011"]
[Site "Santiago de los Caballeros DOM"]
[Date "2011.03.19"]
[Round "2"]
[White "Del Castilho,M"]
[Black "Barrientos,S"]
[Result "0-1"]
[WhiteElo "2205"]
[BlackElo "2499"]

1.e4 c5 2.Nf3 d6 3.d4 cxd4 4.Nxd4 Nf6 5.Nc3 a6 6.Be3 Ng4 7.Bg5 h6 8.Bh4 g5
9.Bg3 Bg7 10.h3 Nf6 11.Qe2 Nc6 12.Nxc6 bxc6 13.e5 dxe5 14.Bxe5 O-O 15.g3 a5
16.Bg2 Ba6 17.Qe3 a4 18.a3 Bc4 19.Qd4 Qxd4 20.Bxd4 Nd5 21.Bxg7 Kxg7 22.Nxa4 Rxa4
23.b3 Bxb3 24.cxb3 Ra7 25.Kd2 Rfa8 26.Rhc1 Rxa3 27.Rxa3 Rxa3 28.Rxc6 Nb4
29.Rc7 Ra2+ 30.Ke3 Nc2+ 31.Kd2 Nd4+ 32.Ke1 e6 33.Rb7 Re2+ 34.Kf1 Rb2 35.Be4 Rxb3
36.Rxb3 Nxb3 37.Kg2 f5 38.Bb1 Kf6 39.g4 Nd4 40.Bd3 Ke5 41.Kg3 Nb3 42.Bb1 f4+
43.Kg2 Kd4 44.Ba2 Nc5 45.Bb1 e5 46.Kf3 e4+ 47.Kg2 Nd3 48.Kf1 f3  0-1

[Event "Skopje Spring Open 2011"]
[Site "Skopje MKD"]
[Date "2011.03.19"]
[Round "1"]
[White "Nikolovski,Nikola"]
[Black "Tancev,Z"]
[Result "0-1"]
[WhiteElo "1823"]
[BlackElo "2279"]

1.e4 c5 2.Nf3 d6 3.d4 cxd4 4.Nxd4 Nf6 5.Nc3 a6 6.Be3 e6 7.Be2 Nbd7 8.O-O b5
9.a3 Bb7 10.Bd3 Nc5 11.f3 Be7 12.b4 Ncd7 13.a4 Rc8 14.axb5 Rxc3 15.bxa6 Ba8
16.Qd2 Rc8 17.b5 d5 18.e5 Nxe5 19.Rfb1 Nfd7 20.Nxe6 fxe6 21.b6 Nxb6 22.Bxb6 Bc5+
23.Bxc5 Rxc5 24.Qe2 Qd6 25.a7 O-O 26.Ra6 Rc6 27.Rxc6 Nxc6 28.Kh1 Nxa7 29.Qf2 Nc6
30.Qh4 g6 31.Re1 e5 32.Qg3 Kg7 33.Ra1 Qf6 34.Ra6 e4 35.Be2 Bb7 36.Ra2 Nd4
37.Bd1 exf3 38.gxf3 Rf7 39.Ra7 Nf5 40.Qb8 Qe7  0-1

[Event "Zonal 2.3 Caribbean 2011"]
[Site "Santiago de los Caballeros DOM"]
[Date "2011.03.20"]
[Round "4"]
[White "Del Castilho,M"]
[Black "Dominguez Perez,L"]
[Result "0-1"]
[WhiteElo "2205"]
[BlackElo "2716"]

1.e4 c5 2.Nf3 d6 3.d4 cxd4 4.Nxd4 Nf6 5.Nc3 a6 6.Be3 e5 7.Nb3 Be6 8.f3 h5
9.Qd2 Nbd7 10.a4 Rc8 11.Be2 Nb6 12.O-O Be7 13.a5 Nc4 14.Bxc4 Rxc4 15.Nd5 Nxd5
16.exd5 Bf5 17.c3 Qd7 18.Nc1 Ra4 19.Rxa4 Qxa4 20.Bb6 Qc2 21.Qxc2 Bxc2 22.Rf2 Bh7
23.Nb3 g5 24.c4 Kd7 25.Rf1 Rg8 26.Nd2 f5 27.b4 g4 28.Kh1 h4 29.c5 h3 30.gxh3 gxf3
31.c6+ bxc6 32.dxc6+ Kxc6 33.Rc1+ Kd7 34.Rc7+ Ke6 35.Nxf3 f4 36.Nd2 Bd3  0-1

[Event "ch-VIE Men"]
[Site "Da Lat VIE"]
[Date "2011.03.21"]
[Round "2.15"]
[White "Nguyen Thanh Nghia"]
[Black "Nguyen Huynh Tuan Hai"]
[Result "1-0"]
[WhiteElo "2161"]
[BlackElo "1788"]

1.e4 c5 2.Nf3 d6 3.d4 cxd4 4.Nxd4 Nf6 5.Nc3 a6 6.Be3 Qc7 7.f3 e5 8.Nb3 Be6
9.a4 Nbd7 10.a5 Rc8 11.Bd3 Be7 12.O-O O-O 13.Kh1 Rfd8 14.Qe1 Nc5 15.Nxc5 dxc5
16.Na4 Nd7 17.Qc3 c4 18.Be2 Qc6 19.Nb6 Nxb6 20.Bxb6 Rd7 21.Qxe5 Bf6 22.Qf4 Bxb2
23.Rad1 c3 24.Rxd7 Qxd7 25.Rd1 Qa4 26.Bd3 h6 27.Qe5 Qc6 28.Bd4 f6 29.Qg3 Qc7
30.e5 f5 31.Bb6 Qf7 32.Qf4 Ba3 33.Qd4 Qe7 34.g4 Bc5 35.Bxc5 Qxc5 36.Bxf5 Bxf5
37.gxf5 Qxd4 38.Rxd4 Rc5 39.f4 Rxa5 40.Rc4 b5 41.Rxc3 Ra4 42.Rc8+ Kf7 43.e6+ Ke7
44.Rc7+ Ke8 45.Rxg7 Rxf4 46.Rf7 a5 47.Kg2 a4 48.Kg3 Rf1 49.Kg4 a3 50.Ra7 b4
51.h4 Rf2 52.Ra4 Rf1 53.Ra5 Rf2 54.Kh5 a2 55.Kg6 Ke7 56.Ra7+ Kd6 57.Rxa2 Re2
58.Kf7 Kc5 59.Ra8  1-0